| 000 | 00993nam a2200229Ii 4500 | ||
|---|---|---|---|
| 003 | JO-AjNU | ||
| 008 | 230605s9999||||xx |||||||||||||| ||und|| | ||
| 017 | _a2019/3/1218 | ||
| 020 | _a978-9957-39-28-6 | ||
| 040 |
_aJO-AjNU _bara _erda _cJO-AjNU |
||
| 041 | _aara | ||
| 050 | 1 | 4 | _aHG4235.25.R437 2019 |
| 100 | 3 |
_aالرفاعي، سمير, _eauthor _959250 |
|
| 245 | 0 | 0 | _aشركة الأردن دبي كابيتال واستثمارتها في الأردن: حقائق وأرقام 2005-2009 |
| 250 | _aالطبعة العربية الثانية | ||
| 264 | 3 | 1 | _aعمان: الاهلية للنشر والتوزيع، 2019 |
| 300 |
_a659ص _bيتضمن على فهرس الاعلام والاماكن 651-659ص |
||
| 336 |
_atext _btxt _2rdacontent |
||
| 337 |
_aunmediated _bn _2rdamedia |
||
| 338 |
_avolume _bnc _2rdacarrier |
||
| 650 | 4 |
_aالشركات- العقار-السياحة-الطاقة-الاستثمار-الاردن-الامارات العربية المتحدة _959251 |
|
| 999 |
_aA26653 _c30221 _d30221 |
||